000 00325nam a2200109Ia 4500
008 171211s9999 xx 000 0 und d
245 _aMicrobial Metal and Metalloid Metabolism
245 _cJohn F. Stolz and Ronald S. Oremland
260 _c2011
650 _xBiology
856 _uhttp://down.ebook777.com/062/1555815367.pdf
999 _c350381
_d350381